000 01000nam0a22002771 4500
001 rc\4804744
005 20250612221833.0
021 _aRU
_b[67-61193]
035 _a(NLR Aleph) 008874615
090 _a8543502
_c8543502
100 _a20130426d1967 |||y0rusy50 ca
101 0 _arus
102 _aRU
105 _aa z |||||
200 1 _aВопросы механизации уборки и транспортировки плодов
_fРесп. объединение "Армсельхозтехника"
210 _aЕреван
_cАйастан
_d1967
215 _a186 с.
_cчерт.
_d22
320 _aБиблиогр.: с. 182-185 (77 назв.)
606 _aПлодовые культуры
_xУборка
_xМеханизация
_2psbo
606 _aПлоды
_xПеревозки
_2psbo
700 1 _aХачатрян
_bХ.А.
_gХорен Арменакович
801 0 _aRU
_bNLR
_gpsbo
801 1 _aRU
_bELAR
_2rusmarc
852 _aNLR
_j67-5/3576
942 _cBOOK
980 _aNB